| 000 | 00699nam a2200229 a 4500 | ||
|---|---|---|---|
| 008 | |||
| 020 | _a0521287626 (pbk.) | ||
| 049 | _aMAIN | ||
| 090 | _aQA279 | ||
| 100 | 1 |
_aMead, R. _q(Roger) |
|
| 245 | 1 | 4 |
_aThe design of experiments : _bstatistical principles for practical applications / _cR. Mead. |
| 260 |
_aCambridge : _bCambridge University Press, _c1988 |
||
| 300 |
_axiv, 620 p. : _bill. ; _c23 cm. |
||
| 504 | _aIncludes bibliographical references. | ||
| 500 | _aIncludes index. | ||
| 650 | 0 | _aExperiments. | |
| 907 |
_a.b10032101 _b08-02-06 _c17-04-03 |
||
| 003 | |||
| 005 | 20230123133446.0 | ||
| 040 | _cNUST | ||
| 942 |
_cBOOKS _kQA279 |
||
| 999 |
_c148952 _d148952 |
||